Artificial neural nets and genetic algorithms : Proceedings of the international conference : Konf. Ales, France, 1995 /

Gespeichert in:
Bibliographische Detailangaben
Hauptverfasser: Pearson, D.W (Verfasst von), Steele, Nigel C (Verfasst von), Albrecht, Rudolf F (Verfasst von)
Format: Buch
Sprache:Englisch
Veröffentlicht: Wien : Springer Verlag, 1995
Ausgabe:1.vyd.
Schlagworte:
Tags: Tag hinzufügen
Keine Tags, Fügen Sie das erste Tag hinzu!

MARC

LEADER 00000nam a22000003a 4500
001 stu7728
005 20150617225805.7
008 950426s1995----au------------------eng-d
020 |a 3-211-82692-0 
040 |a STU  |b slo 
041 0 |a eng 
044 |a au 
080 |a 681.322.014 
080 |a 577.352.5 
080 |a 519.7 
080 |a 061.3(08) 
100 1 |a Pearson, D.W  |4 aut 
245 1 |a Artificial neural nets and genetic algorithms :  |b Proceedings of the international conference : Konf. Ales, France, 1995 /  |c [aut.] Pearson,D.W.; Steele,N.C.; Albrecht,R.F 
250 |a 1.vyd. 
260 |a Wien :  |b Springer Verlag,  |c 1995 
300 |a 526 s 
650 7 |a neurálne počítače  |2 stusub 
650 7 |a genetické algoritmy  |2 stusub 
650 7 |a rozpoznávanie obrazov  |2 stusub 
650 7 |a umelá inteligencia  |2 stusub 
650 7 |a paralelné spracovanie  |2 stusub 
650 7 |a biológia  |2 stusub 
650 7 |a biotechnológie  |2 stusub 
650 7 |a matematická kybernetika  |2 stusub 
700 1 |a Steele, Nigel C  |4 aut 
700 1 |a Albrecht, Rudolf F  |4 aut 
996 |c I*Z4939  |l I  |s A  |a 24  |w stu7728_0001